000 00901nam a2200253Ia 4500
003 OSt
005 20220923222123.0
006 a|||||r|||| 00| 0
007 ta
008 220922b |||||||| |||| 00| 0 ben d
024 _a203,128
037 _cTextual
040 _aARTS
_cARTS
_bben
041 _2ben
_aben
082 _aO157,2N27,1, 152L8
100 _aधनंजय, वैरागी; शास्त्री, रामानाथ, अनु.
_9165972
245 0 _aमाटी का घर
246 _aMāṭī kā ghara
260 _aदिल्ली
_b शब्दकार
_c1972
300 _a197पृ0
_ccm.
650 _aबंगाली साहित्य
_9156264
942 _hO157,2N27,1, 152L8
_cTEXL
_2CC
999 _c353888
_d353888